Výpočet náhrady škody-straty na zárobku zamestnanca podniku kreatívneho priemyslu podľa legislatívnych ustanovení paragrafu 446 Občianskeho zákonníka

Závislá práca, mzda a priemerný zárobok. Postup kvantifikácie náhrady za stratu na zárobku podľa paragrafu 446 Občianskeho zákonníka. Vplyv nálezu Ústavného súdu SR na kvantifikáciu náhrady za stratu na zárobku. Porovnanie kvantifikácie náhrady za stratu na zárobku počas trvania práceneschopnosti pr...

Descrizione completa

Salvato in:
Dettagli Bibliografici
Autore principale: Kintler, Jakub, 1979-
Natura: Capitolo di libro
Lingua:slovacco
Soggetti:
Tags: Aggiungi Tag
Nessun Tag, puoi essere il primo ad aggiungerne!!

MARC

LEADER 00000naa$a2200000$$$4500
001 0260956
005 20240502074136.6
041 0 |a slo 
044 |a SK 
245 1 0 |a Výpočet náhrady škody-straty na zárobku zamestnanca podniku kreatívneho priemyslu podľa legislatívnych ustanovení paragrafu 446 Občianskeho zákonníka  |c Jakub Kintler 
520 |a Závislá práca, mzda a priemerný zárobok. Postup kvantifikácie náhrady za stratu na zárobku podľa paragrafu 446 Občianskeho zákonníka. Vplyv nálezu Ústavného súdu SR na kvantifikáciu náhrady za stratu na zárobku. Porovnanie kvantifikácie náhrady za stratu na zárobku počas trvania práceneschopnosti pred účinnosťou a po nadobudnutí účinnosti nálezu Ústavného súdu SR. 
610 2 0 |a práceneschopnosť 
610 2 0 |a škody 
610 2 0 |a náhrada škody 
610 2 0 |a mzdy 
610 2 0 |a zákonník občiansky 
610 2 0 |a súdy ústavné 
610 2 0 |a priemysel kreatívny 
100 1 |a Kintler, Jakub, 1979-